[Event "Cappelle-la-Grande 2014"]
[Site "Cappelle-la-Grande (FRA)"]
[Date "????.??.??"]
[Round "6.61"]
[White "Wozniak, Mariola"]
[Black "Loiseau, Quentin"]
[Result "1/2-1/2"]
[WhiteElo "2099"]
[BlackElo "2388"]
[PlyCount "102"]

1. e4 c5 2. Nf3 Nc6 3. d4 cxd4 4. Nxd4 Nf6 5. Nc3 e5 6. Ndb5 d6 7. Bg5 a6 8.
Na3 b5 9. Nd5 Be7 10. Bxf6 Bxf6 11. c4 b4 12. Nc2 O-O 13. g3 Bg5 14. Bg2 Qa5
15. O-O Qc5 16. b3 a5 17. h4 Bd8 18. Qd3 Bb6 19. Rad1 Be6 20. Nde3 Rfd8 21. Qe2
a4 22. Nf5 axb3 23. axb3 Ra2 24. Qg4 Bxf5 25. exf5 Rxc2 26. Rd5 Qxf2+ 27. Rxf2
Bxf2+ 28. Kf1 Nd4 29. f6 Ne6 30. Qd1 Ra2 31. Rxd6 Rxd6 32. Qxd6 Bxg3 33. Bd5
Rf2+ 34. Kg1 Rxf6 35. Bxe6 fxe6 36. Qxb4 e4 37. Qb7 e3 38. Qa8+ Kf7 39. Qa7+
Ke8 40. Qxe3 Bf2+ 41. Qxf2 Rxf2 42. Kxf2 Kd7 43. Ke3 g6 44. b4 Kc6 45. Kf4 h6
46. Ke5 g5 47. hxg5 hxg5 48. c5 Kc7 49. b5 Kd7 50. c6+ Kc7 51. Kd4 g4 1/2-1/2

[Event "Cappelle-la-Grande 2014"]
[Site "Cappelle-la-Grande (FRA)"]
[Date "????.??.??"]
[Round "6.62"]
[White "Shirazi, Kamran"]
[Black "Durnecker, Laurent"]
[Result "1-0"]
[WhiteElo "2375"]
[BlackElo "2051"]
[PlyCount "75"]

1. e4 Nf6 2. e5 Nd5 3. c4 Nb6 4. c5 Nd5 5. Bc4 e6 6. d4 b6 7. Bxd5 exd5 8. Be3
Na6 9. a3 bxc5 10. dxc5 Bb7 11. Qg4 Qe7 12. Nf3 Nxc5 13. Bxc5 Qxc5 14. O-O Qb6
15. Nc3 Qg6 16. Qf4 Bc5 17. e6 O-O 18. Qxc7 Bc6 19. exd7 Bb6 20. Qe5 Qe6 21.
Rad1 Bxd7 22. Nxd5 Bd8 23. Nc7 Qxe5 24. Nxe5 Bxc7 25. Nxd7 Rfe8 26. Rd2 Re7 27.
g3 Rae8 28. Kg2 f6 29. Rc1 Rc8 30. Rc6 Kf7 31. b4 Bf4 32. Rxc8 Bxd2 33. Nb8 Kg6
34. Nc6 Rb7 35. Ra8 Bc1 36. Rxa7 Rxa7 37. Nxa7 Bxa3 38. b5 1-0

[Event "Cappelle-la-Grande 2014"]
[Site "Cappelle-la-Grande (FRA)"]
[Date "????.??.??"]
[Round "6.63"]
[White "Van Vliet, Dennis"]
[Black "Ivanov, Mikhail M"]
[Result "0-1"]
[WhiteElo "2093"]
[BlackElo "2367"]
[PlyCount "78"]

1. d4 e6 2. c4 b6 3. Nc3 Bb7 4. f3 Bd6 5. Nh3 e5 6. Bg5 f6 7. dxe5 Bxe5 8. Bd2
f5 9. Qc2 Qh4+ 10. g3 Qf6 11. O-O-O Na6 12. Nd5 Qf8 13. f4 Bd6 14. e4 O-O-O 15.
e5 Bc5 16. a3 c6 17. Ne3 Nh6 18. Bg2 g6 19. Rhe1 Nc7 20. Bc3 Ne6 21. b4 Be7 22.
Kb2 Nf7 23. Nd5 h5 24. a4 h4 25. a5 bxa5 26. Qa4 cxd5 27. cxd5 Bxb4 28. d6
Bxc3+ 29. Kxc3 Bxg2 30. Qxa5 Nxd6 31. Rxd6 Kb8 32. Rb1+ Ka8 33. Ra1 Rc8+ 34.
Kd2 Rc7 35. Ng5 Qb8 36. Nxe6 dxe6 37. Rb1 Qxb1 38. Qxc7 Qb2+ 39. Ke1 hxg3 0-1

[Event "Cappelle-la-Grande 2014"]
[Site "Cappelle-la-Grande (FRA)"]
[Date "????.??.??"]
[Round "6.64"]
[White "Chalmeton, Guillaume"]
[Black "Godart, Francois"]
[Result "0-1"]
[WhiteElo "2081"]
[BlackElo "2359"]
[PlyCount "49"]

1. d4 Nf6 2. Nf3 d5 3. e3 e6 4. Nbd2 c5 5. c3 Nc6 6. Bd3 Bd6 7. O-O O-O 8. dxc5
Bxc5 9. e4 Qc7 10. Qe2 b6 11. e5 Ng4 12. Bxh7+ Kxh7 13. Ng5+ Kg8 14. Qxg4 Qxe5
15. Ndf3 Qf5 16. Qxf5 exf5 17. Re1 Bd6 18. Bd2 Ba6 19. Rad1 Rfe8 20. Bc1 Rxe1+
21. Rxe1 f6 22. Nh3 Ne5 23. Nd4 Nd3 24. Re6 Be5 25. Nxf5 0-1

[Event "Cappelle-la-Grande 2014"]
[Site "Cappelle-la-Grande (FRA)"]
[Date "????.??.??"]
[Round "6.65"]
[White "Thetis, Jimmy"]
[Black "Daulyte, Deimante"]
[Result "0-1"]
[WhiteElo "2061"]
[BlackElo "2357"]
[PlyCount "82"]

1. d4 d5 2. c4 e6 3. Nc3 c5 4. e3 Nf6 5. Nf3 a6 6. a3 dxc4 7. Bxc4 Nbd7 8. O-O
b5 9. Ba2 Bb7 10. Qe2 Be7 11. Rd1 Qc7 12. dxc5 Bxc5 13. b4 Bd6 14. Bb2 O-O 15.
Rac1 Qb6 16. Bb1 Rfd8 17. Ng5 h6 18. h4 hxg5 19. hxg5 Nd5 20. Qh5 Nxc3 21. Qh7+
Kf8 22. g6 Be5 23. Bxc3 Bxc3 24. Rxc3 Nf6 25. Rxd8+ Rxd8 26. Qh8+ Ng8 27. gxf7
Kxf7 28. Qh5+ Kf8 29. Bg6 Qd6 30. Rd3 Qe7 31. Rc3 Rd5 32. Qf3+ Qf6 33. e4 Rg5
34. Qd1 Rxg6 35. Rf3 Qxf3 36. Qxf3+ Nf6 37. Qf4 Bxe4 38. f3 Bd5 39. Qd6+ Kf7
40. Qxa6 Bxf3 41. Qxb5 Rxg2+ 0-1

[Event "Cappelle-la-Grande 2014"]
[Site "Cappelle-la-Grande (FRA)"]
[Date "????.??.??"]
[Round "6.66"]
[White "Le Montagner, Yoann"]
[Black "Clery, Nicolas"]
[Result "1-0"]
[WhiteElo "2050"]
[BlackElo "2355"]
[PlyCount "143"]

1. e4 e6 2. d4 d5 3. Nc3 Bb4 4. e5 Ne7 5. Bd2 c5 6. Nb5 Bxd2+ 7. Qxd2 O-O 8. f4
Bd7 9. dxc5 Bxb5 10. Bxb5 Qc7 11. Nf3 Qxc5 12. Bd3 Nbc6 13. O-O-O Nb4 14. a3
Nxd3+ 15. Qxd3 Rfc8 16. Nd4 Nc6 17. Rd2 Nxd4 18. Qxd4 Qa5 19. Rhd1 Rc4 20. Qf2
Rac8 21. c3 b5 22. Kb1 Qa4 23. Rd4 Qb3 24. Ka1 b4 25. axb4 R8c6 26. R1d3 h6 27.
Rxc4 Qxc4 28. Rd4 Qb3 29. Qe2 Qa4+ 30. Kb1 Ra6 31. b5 Qa1+ 32. Kc2 Ra2 33. Kb3
Ra5 34. Kc2 Ra2 35. Kb3 Ra5 36. Kc2 Qg1 37. f5 Ra1 38. fxe6 fxe6 39. Kb3 Qxh2
40. Ra4 Rxa4 41. Kxa4 Qg1 42. Qg4 Kf7 43. Qh5+ Kf8 44. Qg4 Kf7 45. Qh5+ Kf8 46.
Qg4 Qb6 47. Qd4 g5 48. Qg4 Kg7 49. Qf3 Qd8 50. Qf2 Qb6 51. Qf6+ Kh7 52. Qf7+
Kh8 53. Qg6 a6 54. Qxh6+ Kg8 55. Qxg5+ Kh7 56. Qh4+ Kg7 57. Qb4 Kg6 58. g3
axb5+ 59. Qxb5 Qg1 60. Qd3+ Kg5 61. b4 Qc1 62. Qd4 Qc2+ 63. Ka5 Qa2+ 64. Kb6
Kg6 65. Qg4+ Kf7 66. Qh5+ Ke7 67. Qh7+ Kf8 68. Qh8+ Ke7 69. Qf6+ Ke8 70. Qxe6+
Kf8 71. Qd6+ Kg8 72. Qb8+ 1-0

[Event "Cappelle-la-Grande 2014"]
[Site "Cappelle-la-Grande (FRA)"]
[Date "????.??.??"]
[Round "6.67"]
[White "Sobry, Sebastien"]
[Black "Vul, Arkadi Eremeevich"]
[Result "1/2-1/2"]
[WhiteElo "2040"]
[BlackElo "2346"]
[PlyCount "149"]

1. e4 e5 2. Nf3 Nc6 3. Bb5 g6 4. d4 exd4 5. Bg5 Be7 6. Bxe7 Ngxe7 7. Nxd4 d5 8.
Nc3 dxe4 9. Bxc6+ Nxc6 10. Nxc6 Qxd1+ 11. Rxd1 bxc6 12. Nxe4 Bf5 13. O-O Rd8
14. Nc5 O-O 15. c4 Rfe8 16. f3 h5 17. Kf2 Kf8 18. Rfe1 Rd6 19. Rxe8+ Kxe8 20.
Re1+ Kf8 21. b3 Rd2+ 22. Re2 Rd1 23. Ke3 Ke7 24. Kf4+ Kf6 25. Na6 g5+ 26. Ke3
Rd7 27. Rd2 Rxd2 28. Kxd2 Bc8 29. Nb4 Bd7 30. Ke3 Ke5 31. Nd3+ Kd6 32. Kd4 Bf5
33. c5+ Ke6 34. Ne5 Bb1 35. Nxc6 Bxa2 36. b4 Bd5 37. Nxa7 c6 38. b5 cxb5 39.
Nxb5 Bc6 40. Na7 Ba4 41. Nc8 Bc6 42. Nd6 f6 43. Nc4 h4 44. h3 Bb5 45. Nd2 f5
46. Nc4 g4 47. fxg4 fxg4 48. hxg4 Bc6 49. Ne3 Kf6 50. Nf5 Bxg2 51. Nxh4 Bh3 52.
Kd5 Bxg4 53. Kd6 Kg5 54. Ng2 Bf3 55. Ne3 Bb7 56. Nd5 Ba8 57. Nb6 Bb7 58. Nc4
Kf4 59. Kc7 Be4 60. Nb6 Ke5 61. Nd7+ Kd4 62. Kb6 Bg2 63. Nb8 Kc4 64. Na6 Bf3
65. Nc7 Bg2 66. Ne6 Bd5 67. Nf4 Bf3 68. Ng6 Be4 69. Ne5+ Kb4 70. Nd7 Kc4 71.
Kc7 Bf5 72. c6 Be4 73. Ne5+ Kb5 74. Kd6 Bxc6 75. Nxc6 1/2-1/2

[Event "Cappelle-la-Grande 2014"]
[Site "Cappelle-la-Grande (FRA)"]
[Date "????.??.??"]
[Round "6.68"]
[White "Hoolt, Sarah"]
[Black "De Seroux, Camille"]
[Result "1-0"]
[WhiteElo "2345"]
[BlackElo "2038"]
[PlyCount "76"]

1. e4 c5 2. Nf3 d6 3. d4 cxd4 4. Nxd4 Nf6 5. Nc3 Nc6 6. g3 g6 7. Nde2 Bg7 8.
Bg2 h5 9. Bg5 Qa5 10. Qc1 Bd7 11. O-O Rc8 12. Nd5 Nxd5 13. exd5 Ne5 14. Re1 h4
15. Nd4 hxg3 16. hxg3 Bh3 17. Be4 Qa4 18. c3 Qd7 19. Qd1 Bg4 20. f3 Bh3 21. Qe2
Rh5 22. f4 Bg4 23. Qd2 Nc4 24. Qf2 f5 25. Bg2 Rxg5 26. Ne6 Bf6 27. fxg5 Be5 28.
Rac1 Kf7 29. b3 Nb6 30. c4 Rh8 31. b4 Qe8 32. c5 Nc8 33. Rxe5 dxe5 34. Qb2 Qg8
35. Qxe5 Qh7 36. Kf2 Qg8 37. d6 exd6 38. cxd6 Nb6 1-0

[Event "Cappelle-la-Grande 2014"]
[Site "Cappelle-la-Grande (FRA)"]
[Date "????.??.??"]
[Round "6.69"]
[White "Den Hartog, Marijn"]
[Black "Berkovich, Mark A"]
[Result "0-1"]
[WhiteElo "2034"]
[BlackElo "2334"]
[PlyCount "66"]

1. e4 c5 2. Nc3 Nc6 3. Bb5 Nd4 4. Bc4 e6 5. Nge2 Ne7 6. O-O a6 7. a4 Nec6 8. d3
Be7 9. f4 O-O 10. Be3 Rb8 11. f5 b5 12. Ba2 b4 13. Nb1 Nxe2+ 14. Qxe2 Bf6 15.
Bxc5 d6 16. Be3 Bxb2 17. Nd2 Bxa1 18. Rxa1 exf5 19. Qh5 Be6 20. Nc4 Qf6 21. Rf1
Qg6 22. Qh4 fxe4 23. dxe4 Ne5 24. Nxe5 dxe5 25. Rf3 Bxa2 26. Rg3 Qd6 27. Bh6
Qd4+ 28. Be3 Qd1+ 29. Kf2 f6 30. Rh3 h5 31. Rf3 Qxc2+ 32. Kg3 Be6 33. Qxh5 Qxe4
0-1

[Event "Cappelle-la-Grande 2014"]
[Site "Cappelle-la-Grande (FRA)"]
[Date "????.??.??"]
[Round "6.70"]
[White "Maupin, Valerie"]
[Black "Marholev, Dimitar"]
[Result "0-1"]
[WhiteElo "2034"]
[BlackElo "2326"]
[PlyCount "64"]

1. d4 d6 2. Nf3 Nf6 3. c4 g6 4. Nc3 Bg7 5. g3 O-O 6. Bg2 Nbd7 7. O-O e5 8. e4
exd4 9. Nxd4 Re8 10. Re1 Nc5 11. Bg5 h6 12. Bf4 Ng4 13. b4 Na6 14. a3 Ne5 15.
Bxe5 Bxe5 16. Rb1 h5 17. Qd2 Bg7 18. Nd5 Bd7 19. Red1 h4 20. Ne3 hxg3 21. hxg3
Qc8 22. Rdc1 Bh3 23. Bf3 Qd8 24. Kh2 Bd7 25. Kg2 Qf6 26. Nb5 Bh3+ 27. Kxh3 Qxf3
28. Qd1 Qxe4 29. Qd5 Qe6+ 30. Kg2 c6 31. Qxd6 Qe4+ 32. Kg1 Rad8 0-1

[Event "Cappelle-la-Grande 2014"]
[Site "Cappelle-la-Grande (FRA)"]
[Date "????.??.??"]
[Round "6.71"]
[White "Admiraal, Miguoel"]
[Black "Tuerlinckx, Ben"]
[Result "1-0"]
[WhiteElo "2317"]
[BlackElo "2023"]
[PlyCount "67"]

1. Nf3 Nf6 2. g3 g6 3. Bg2 Bg7 4. O-O O-O 5. d4 d6 6. Nc3 Nfd7 7. e4 c5 8. d5
Qa5 9. a4 Ne5 10. Nd2 f5 11. h3 fxe4 12. Ncxe4 Qa6 13. Re1 b5 14. f4 Nf7 15.
Nf3 bxa4 16. c3 Nd7 17. Neg5 Nxg5 18. Nxg5 Nb6 19. Rxe7 Bf6 20. Re1 Bxg5 21.
fxg5 Bf5 22. Bf4 Rad8 23. Re7 Nc8 24. Rxa4 Qxa4 25. Qxa4 Nxe7 26. Qxa7 Rd7 27.
Qa4 Rdd8 28. b4 Ra8 29. Qb3 Ra1+ 30. Kh2 Rb1 31. Qc4 cxb4 32. Bxd6 Rc8 33. Qe2
bxc3 34. Qxe7 1-0

[Event "Cappelle-la-Grande 2014"]
[Site "Cappelle-la-Grande (FRA)"]
[Date "????.??.??"]
[Round "6.72"]
[White "Munschi, Serge"]
[Black "Primel, Dominique"]
[Result "1-0"]
[WhiteElo "2309"]
[BlackElo "2018"]
[PlyCount "85"]

1. d4 Nf6 2. c4 e6 3. Nc3 Bb4 4. e3 c5 5. Nge2 b6 6. a3 Ba5 7. Rb1 Na6 8. g3
Bb7 9. d5 O-O 10. Bg2 exd5 11. O-O d6 12. Nxd5 Nxd5 13. cxd5 b5 14. b3 Re8 15.
Bb2 b4 16. a4 Nc7 17. Nf4 Bc8 18. e4 Rb8 19. Re1 f6 20. Bf1 Bb6 21. Bc4 Kh8 22.
Nh5 Rf8 23. Qd2 Ne8 24. Nf4 Qe7 25. h4 Bc7 26. h5 Bg4 27. Kg2 Rd8 28. f3 Bc8
29. Rh1 Kg8 30. Rbe1 Rf7 31. Re2 a6 32. Kf1 Bb8 33. Ke1 Qc7 34. Kd1 Re7 35. g4
Re5 36. Kc2 Kf8 37. Ne6+ Rxe6 38. dxe6 Qe7 39. g5 fxg5 40. Qd5 Nc7 41. Qf5+ Kg8
42. h6 Rf8 43. Qf7+ 1-0

[Event "Cappelle-la-Grande 2014"]
[Site "Cappelle-la-Grande (FRA)"]
[Date "????.??.??"]
[Round "6.73"]
[White "Coenen, Michael"]
[Black "Janik, Igor"]
[Result "1/2-1/2"]
[WhiteElo "2308"]
[BlackElo "2020"]
[PlyCount "195"]

1. e4 c5 2. Nf3 d6 3. d4 cxd4 4. Nxd4 Nf6 5. Nc3 g6 6. Be3 Bg7 7. Be2 O-O 8.
O-O Nc6 9. Qd2 Ng4 10. Bxg4 Bxg4 11. f3 Bd7 12. Rad1 Rc8 13. Nce2 Qc7 14. c3 a6
15. Nf4 b5 16. Nd5 Qb7 17. Bh6 e6 18. Nxc6 Bxc6 19. Bxg7 Kxg7 20. Ne3 Rfd8 21.
Ng4 Qe7 22. Rfe1 h5 23. Qh6+ Kg8 24. Nf2 d5 25. e5 b4 26. Nh3 Qf8 27. Qxf8+
Kxf8 28. cxb4 Rb8 29. Rd4 a5 30. Rc1 Be8 31. a3 axb4 32. axb4 Rb7 33. Nf2 Bb5
34. b3 Ke7 35. Nd1 Ra8 36. Nc3 Bd7 37. Kf2 Rab8 38. Na2 Ra7 39. Rc2 Ra3 40. Rb2
Rc8 41. Ke2 Bb5+ 42. Kd2 Bf1 43. Ke1 Bb5 44. h4 Ra7 45. Kd1 Rac7 46. Rdd2 Bf1
47. g3 Bh3 48. Rbc2 Bf5 49. Rxc7+ Rxc7 50. Ke2 f6 51. f4 fxe5 52. fxe5 Kd7 53.
Ke3 Kc6 54. Nc3 Kb6 55. Kd4 Rg7 56. Rf2 Rg8 57. Rf1 Ra8 58. Na4+ Kb5 59. Kc3
Rg8 60. Nc5 g5 61. Ra1 d4+ 62. Kxd4 gxh4 63. Ra5+ Kxb4 64. Ra4+ Kb5 65. Nb7
Rg4+ 66. Ke3 Rxg3+ 67. Kf2 Rxb3 68. Rxh4 Bg4 69. Nd8 Kc5 70. Nxe6+ Bxe6 71.
Rxh5 Kd5 72. Kg2 Ke4 73. Kf2 Bg4 74. Rh8 Kxe5 75. Ra8 Bf5 76. Ra4 Bd7 77. Rh4
Bc6 78. Rh5+ Kd4 79. Rh8 Rb2+ 80. Kg3 Ke3 81. Rc8 Rg2+ 82. Kh3 Rg6 83. Kh4 Be4
84. Rf8 Rg1 85. Kh5 Bg6+ 86. Kh6 Ke4 87. Rg8 Kf5 88. Rf8+ Ke5 89. Ra8 Bf7 90.
Ra3 Rg6+ 91. Kh7 Rg1 92. Re3+ Kf6 93. Rf3+ Ke7 94. Kh6 Rg6+ 95. Kh7 Kf8 96. Rh3
Rg7+ 97. Kh6 Kg8 98. Rg3 1/2-1/2

[Event "Cappelle-la-Grande 2014"]
[Site "Cappelle-la-Grande (FRA)"]
[Date "????.??.??"]
[Round "6.74"]
[White "Louis, Corentin"]
[Black "Shvayger, Yuliya"]
[Result "0-1"]
[WhiteElo "2030"]
[BlackElo "2307"]
[PlyCount "52"]

1. e4 c5 2. Nf3 d6 3. d4 cxd4 4. Nxd4 Nf6 5. Nc3 a6 6. Qf3 e5 7. Nf5 g6 8. Nh6
Be6 9. Bg5 Be7 10. O-O-O Nbd7 11. h4 Rc8 12. Nd5 Nxd5 13. exd5 Bxg5+ 14. hxg5
Qxg5+ 15. Kb1 Bf5 16. Bd3 Bxd3 17. Qxf7+ Kd8 18. Rxd3 Qxg2 19. Rc1 Rf8 20. Qe6
Qxf2 21. a3 Qf4 22. Rh1 e4 23. Rd4 Nc5 24. Qh3 Kc7 25. Ng4 h5 26. Ne3 Qe5 0-1

[Event "Cappelle-la-Grande 2014"]
[Site "Cappelle-la-Grande (FRA)"]
[Date "????.??.??"]
[Round "6.75"]
[White "Guilbert, Jean-Louis"]
[Black "Klinova, Masha"]
[Result "0-1"]
[WhiteElo "2021"]
[BlackElo "2302"]
[PlyCount "106"]

1. d4 d6 2. c4 e5 3. dxe5 dxe5 4. Qxd8+ Kxd8 5. Nc3 Be6 6. e3 Nd7 7. Nf3 f6 8.
Be2 c6 9. O-O Ne7 10. Rd1 Nc8 11. b3 Kc7 12. Bb2 a5 13. Rac1 Ncb6 14. Nd5+ Kb8
15. a3 Bf7 16. Nxb6 Nxb6 17. b4 Be6 18. b5 Na4 19. bxc6 Nxb2 20. cxb7 Kxb7 21.
Rb1 Bxa3 22. Rd3 Bb4 23. Rxb2 Rhd8 24. Ne1 Kc7 25. Nc2 Be7 26. Rxd8 Rxd8 27.
Kf1 a4 28. Nb4 Bxb4 29. Rxb4 Ra8 30. Rb1 a3 31. Ke1 Bf5 32. Ra1 Kd6 33. Kd2 Kc5
34. Kc3 a2 35. Bf3 Ra4 36. Kb3 Rb4+ 37. Kxa2 Ra4+ 38. Kb2 Rxa1 39. Kxa1 Kxc4
40. Kb2 Kd3 41. Kc1 e4 42. Bd1 g6 43. h3 Be6 44. h4 h6 45. Bc2+ Ke2 46. Bxe4 f5
47. Bc6 Kxf2 48. e4 Kg3 49. Kd2 Kxh4 50. Ke3 Kg3 51. Bd5 f4+ 52. Kd4 Bc8 53. e5
g5 0-1

[Event "Cappelle-la-Grande 2014"]
[Site "Cappelle-la-Grande (FRA)"]
[Date "????.??.??"]
[Round "6.76"]
[White "Schmitt, Andre"]
[Black "Ladisic, Alex-Sacha"]
[Result "1-0"]
[WhiteElo "2301"]
[BlackElo "2017"]
[PlyCount "77"]

1. Nf3 Nf6 2. c4 d6 3. b4 a5 4. b5 e5 5. Nc3 Nbd7 6. e3 Be7 7. d4 O-O 8. Be2 b6
9. O-O Bb7 10. Bb2 Re8 11. Rc1 Bf8 12. Re1 g6 13. Nd2 Rc8 14. Bf3 e4 15. Be2 h5
16. Nb3 Nh7 17. Na4 Qg5 18. c5 dxc5 19. dxc5 Nxc5 20. Naxc5 Bxc5 21. Nxc5 bxc5
22. Qc2 Nf8 23. Qc3 Qh6 24. Qxc5 Ne6 25. Qc3 Kh7 26. a4 Qg7 27. Qb3 Qf8 28. Ba3
Qg7 29. Red1 Red8 30. Bb2 Qf8 31. Qc3 Qb4 32. Qf6 Qf8 33. Bc4 Rxd1+ 34. Rxd1
Re8 35. Rd7 Qb4 36. Qxf7+ Kh6 37. Qh7+ Kg5 38. h4+ Kxh4 39. Qxg6 1-0

[Event "Cappelle-la-Grande 2014"]
[Site "Cappelle-la-Grande (FRA)"]
[Date "????.??.??"]
[Round "6.77"]
[White "Haverkamp, Klaus"]
[Black "Wacker, Peter"]
[Result "0-1"]
[WhiteElo "2018"]
[BlackElo "2300"]
[PlyCount "102"]

1. e4 d5 2. exd5 Qxd5 3. Nc3 Qd6 4. d4 Nf6 5. Nf3 a6 6. Be2 Nc6 7. O-O Bf5 8.
Be3 h6 9. Qd2 g5 10. a3 e6 11. Rac1 Bg7 12. Rfd1 Rd8 13. Qe1 O-O 14. Na4 Rb8
15. d5 Ne7 16. Bc5 Qd7 17. dxe6 Qxa4 18. Bxe7 Bxe6 19. Rd4 Qe8 20. Bxf8 Qxf8
21. c3 Re8 22. Qf1 c5 23. Rdd1 b5 24. c4 Ne4 25. b3 g4 26. Nd2 Nc3 27. Re1 Qd6
28. Bd3 Rd8 29. Re3 f5 30. cxb5 axb5 31. Rce1 Bf7 32. Nb1 f4 33. Nxc3 fxe3 34.
Rd1 exf2+ 35. Kh1 Bxc3 36. Qxf2 Kg7 37. Qf5 Qg6 38. Qf1 Qg5 39. Bxb5 Rxd1 40.
Qxd1 Bxb3 41. Qb1 Bd5 42. Bf1 Qf4 43. Qd3 Be5 44. Kg1 c4 45. Qd1 Qxh2+ 46. Kf2
Qf4+ 47. Ke2 Qe4+ 48. Kd2 c3+ 49. Kc1 Bf4+ 50. Qd2 cxd2+ 51. Kd1 Bb3# 0-1

[Event "Cappelle-la-Grande 2014"]
[Site "Cappelle-la-Grande (FRA)"]
[Date "????.??.??"]
[Round "6.78"]
[White "Decoster, Frederic"]
[Black "Dessenne, Francois"]
[Result "1-0"]
[WhiteElo "2300"]
[BlackElo "2013"]
[PlyCount "97"]

1. e4 Nf6 2. e5 Nd5 3. c4 Nb6 4. d4 d6 5. exd6 cxd6 6. Nc3 g6 7. Be3 Bg7 8. Rc1
O-O 9. b3 e5 10. dxe5 dxe5 11. Qxd8 Rxd8 12. c5 N6d7 13. Nf3 Nc6 14. Bc4 Na5
15. Bb5 Nf8 16. Ne4 Bd7 17. Be2 Rac8 18. Bg5 f6 19. Nxf6+ Bxf6 20. Bxf6 Re8 21.
Nxe5 Bf5 22. g4 Be4 23. f3 Nd7 24. Nxd7 Bxf3 25. Kf2 Bxe2 26. Bc3 Kf7 27. Bxa5
Bxg4 28. c6 bxc6 29. Nc5 Re2+ 30. Kg3 Rxa2 31. Bc3 Bf5 32. Ra1 Rc2 33. Rhc1
Rxc1 34. Rxc1 Re8 35. Re1 Rb8 36. Ra1 Ra8 37. Kf4 Bc2 38. b4 h6 39. Ra6 g5+ 40.
Kg3 Re8 41. Rxa7+ Kg6 42. Rg7+ Kf5 43. Rf7+ Kg6 44. Rf6+ Kh5 45. Re6 Rxe6 46.
Nxe6 Kg6 47. Kf3 g4+ 48. Kf4 Bf5 49. Nf8+ 1-0

[Event "Cappelle-la-Grande 2014"]
[Site "Cappelle-la-Grande (FRA)"]
[Date "????.??.??"]
[Round "6.79"]
[White "Asefi, Zaheeruddeen"]
[Black "Wahedi, Ahmad Siar"]
[Result "0-1"]
[WhiteElo "2017"]
[BlackElo "2276"]
[PlyCount "94"]

1. d4 d5 2. c4 c6 3. Nf3 Nf6 4. Nc3 g6 5. cxd5 Nxd5 6. e4 Nxc3 7. bxc3 Bg7 8.
Bc4 O-O 9. O-O c5 10. e5 Nc6 11. h3 Na5 12. Bd3 cxd4 13. cxd4 Be6 14. Qe2 Rc8
15. Rd1 Bc4 16. Bg5 h6 17. Bh4 Qd7 18. Bxc4 Rxc4 19. d5 g5 20. Bg3 Qa4 21. Rac1
Rd8 22. Rxc4 Qxc4 23. Qxc4 Nxc4 24. Kf1 f5 25. exf6 Bxf6 26. Ke2 Kf7 27. Ne1
Nb2 28. Rd2 Bc3 29. Rc2 Na4 30. d6 exd6 31. Nd3 b5 32. Kf3 a5 33. h4 Kg6 34.
Re2 Rf8+ 35. Kg4 h5+ 36. Kh3 gxh4 37. Bxd6 Rd8 38. Nf4+ Kf5 39. Be7 Rd2 40.
Rxd2 Bxd2 41. Nxh5 Nc3 42. a3 Nb1 43. Kxh4 a4 44. g4+ Ke6 45. Bf8 b4 46. Ng3
bxa3 47. Ne4 a2 0-1

[Event "Cappelle-la-Grande 2014"]
[Site "Cappelle-la-Grande (FRA)"]
[Date "????.??.??"]
[Round "6.80"]
[White "Nemcova, Katerina"]
[Black "Gros, Patrick"]
[Result "1-0"]
[WhiteElo "2267"]
[BlackElo "2007"]
[PlyCount "75"]

1. e4 g6 2. d4 Bg7 3. Nc3 c5 4. dxc5 Qa5 5. Bd2 Qxc5 6. Nf3 d6 7. Bd3 Nf6 8.
O-O O-O 9. h3 Bd7 10. b4 Qc8 11. Rb1 Na6 12. Qe2 Nc7 13. Rfc1 e5 14. Bg5 Nh5
15. Rd1 h6 16. Be3 Nf4 17. Bxf4 exf4 18. Qd2 Bxh3 19. gxh3 Qxh3 20. Nh2 Be5 21.
f3 g5 22. Rb3 Ne6 23. Bf1 Qh4 24. Ne2 Rac8 25. c3 Kh8 26. Qe1 Qh5 27. Qf2 Rc4
28. Nd4 Rc7 29. Ng4 Rg8 30. Bg2 Rgc8 31. Nxe5 dxe5 32. Nxe6 fxe6 33. Rd3 Rg8
34. Rb2 Rcg7 35. Rbd2 g4 36. fxg4 Rxg4 37. Rd8 f3 38. Qxf3 1-0

[Event "Cappelle-la-Grande 2014"]
[Site "Cappelle-la-Grande (FRA)"]
[Date "????.??.??"]
[Round "6.81"]
[White "Mollema, Thomas"]
[Black "Ruecker, Benjamin"]
[Result "0-1"]
[WhiteElo "2015"]
[BlackElo "2265"]
[PlyCount "34"]

1. e4 c5 2. c3 d5 3. exd5 Qxd5 4. d4 g6 5. Nf3 Bg7 6. Na3 cxd4 7. Bc4 Qe4+ 8.
Be3 Nh6 9. cxd4 O-O 10. Qb3 Qg4 11. h3 Qxg2 12. Ke2 Nf5 13. Bd5 Nc6 14. Nb5 Be6
15. Bxe6 fxe6 16. Qxe6+ Kh8 17. Bf4 Qxf3+ 0-1

[Event "Cappelle-la-Grande 2014"]
[Site "Cappelle-la-Grande (FRA)"]
[Date "????.??.??"]
[Round "6.82"]
[White "Von Meijenfeldt, Bart"]
[Black "Vandervorst, Jean-Marc"]
[Result "1-0"]
[WhiteElo "2263"]
[BlackElo "2005"]
[PlyCount "59"]

1. e4 c5 2. Nc3 Nc6 3. f4 d6 4. Nf3 g6 5. Bb5 Bd7 6. O-O Bg7 7. d3 e6 8. f5 a6
9. Bxc6 Bxc6 10. fxe6 fxe6 11. Ng5 Qe7 12. Qg4 Bd4+ 13. Kh1 Nf6 14. Qxe6 h6 15.
Qxe7+ Kxe7 16. Nf3 Bxc3 17. bxc3 g5 18. c4 b5 19. Bb2 Rhf8 20. cxb5 axb5 21. a3
Rf7 22. Rae1 Raf8 23. e5 Nh5 24. exd6+ Kxd6 25. Be5+ Kd7 26. Bg7 Rxg7 27. Ne5+
Kd6 28. Rxf8 Re7 29. Nf7+ Kd7 30. Rd8+ 1-0

[Event "Cappelle-la-Grande 2014"]
[Site "Cappelle-la-Grande (FRA)"]
[Date "????.??.??"]
[Round "6.83"]
[White "Hias, Ludovic"]
[Black "Collas, Silvia"]
[Result "0-1"]
[WhiteElo "1997"]
[BlackElo "2260"]
[PlyCount "90"]

1. d4 Nf6 2. Nf3 e6 3. Bg5 c5 4. e3 Be7 5. Bd3 b6 6. Nbd2 Bb7 7. c3 cxd4 8.
exd4 O-O 9. Qe2 Nd5 10. Be3 f5 11. Nf1 a6 12. Bd2 b5 13. Ng3 Nc6 14. O-O Qc7
15. a4 Na5 16. axb5 Nb3 17. b6 Qxb6 18. Rae1 Nxd2 19. Qxd2 Bd6 20. Ne5 Qc7 21.
Nh5 Nf6 22. Qg5 Nxh5 23. Qxh5 Rf6 24. f3 Qd8 25. Qg5 Bc7 26. Bb1 a5 27. Qh4 Qe8
28. g4 Rh6 29. Qg5 d6 30. Nc4 Ba6 31. Ne3 Bd8 32. Qf4 Bxf1 33. Nxf5 Rf6 34. Qe4
d5 35. Ne7+ Qxe7 36. Qxh7+ Kf7 37. g5 Bc4 38. Qh5+ g6 39. Qh7+ Ke8 40. Qxe7+
Kxe7 41. gxf6+ Kxf6 42. Kf2 Rb8 43. h4 Rxb2+ 44. Ke3 a4 45. Bd3 a3 0-1

[Event "Cappelle-la-Grande 2014"]
[Site "Cappelle-la-Grande (FRA)"]
[Date "????.??.??"]
[Round "6.84"]
[White "Bernard, Christophe"]
[Black "Da Ces, Philippe"]
[Result "1-0"]
[WhiteElo "2257"]
[BlackElo "1972"]
[PlyCount "75"]

1. d4 d5 2. c4 c6 3. Nf3 Nf6 4. Nbd2 Bf5 5. g3 h6 6. Bg2 e6 7. O-O Nbd7 8. b3
Bd6 9. Bb2 Qb8 10. Qc1 O-O 11. Ba3 b5 12. Bxd6 Qxd6 13. c5 Qb8 14. a4 a5 15.
Re1 b4 16. Qb2 Be4 17. Rac1 Qc7 18. Ne5 Bxg2 19. Kxg2 Nxe5 20. dxe5 Nd7 21. f4
f6 22. exf6 Rxf6 23. e4 dxe4 24. Nxe4 Rf5 25. Qe2 Raf8 26. Nd6 Rxc5 27. Qxe6+
Kh7 28. Qe4+ Kh8 29. Qe7 Rxc1 30. Rxc1 c5 31. Rd1 Qc6+ 32. Kf2 c4 33. Nf7+ Rxf7
34. Qxf7 Nf6 35. Qxc4 Ng4+ 36. Kg1 Qf3 37. Rd8+ Kh7 38. Qc2+ 1-0

[Event "Cappelle-la-Grande 2014"]
[Site "Cappelle-la-Grande (FRA)"]
[Date "????.??.??"]
[Round "6.85"]
[White "Capone, Nicola"]
[Black "Iraqui, Youssef"]
[Result "1-0"]
[WhiteElo "2251"]
[BlackElo "1968"]
[PlyCount "57"]

1. e4 c5 2. Nf3 Nc6 3. d4 cxd4 4. Nxd4 Nf6 5. Nc3 e5 6. Ndb5 d6 7. Bg5 a6 8.
Na3 b5 9. Nd5 Be7 10. Bxf6 Bxf6 11. c4 b4 12. Nc2 a5 13. g3 O-O 14. Bg2 Rb8 15.
O-O g6 16. Qd3 Bg7 17. Rad1 b3 18. axb3 Nd4 19. Nxd4 exd4 20. b4 axb4 21. b3 f5
22. exf5 Bxf5 23. Be4 Be6 24. Nf4 Rxf4 25. gxf4 Qf6 26. Qf3 Kh8 27. Ra1 Bh6 28.
f5 Bxf5 29. Bxf5 1-0

[Event "Cappelle-la-Grande 2014"]
[Site "Cappelle-la-Grande (FRA)"]
[Date "????.??.??"]
[Round "6.86"]
[White "Kalmes, Rene"]
[Black "Mevel, Alberic"]
[Result "0-1"]
[WhiteElo "1982"]
[BlackElo "2236"]
[PlyCount "70"]

1. e4 d5 2. exd5 Nf6 3. c4 e6 4. dxe6 Bxe6 5. d4 Bb4+ 6. Nc3 Ne4 7. Qc2 Qxd4 8.
Nf3 Bxc3+ 9. bxc3 Qxc3+ 10. Qxc3 Nxc3 11. Bb2 Na4 12. Bxg7 Rg8 13. Be5 Na6 14.
Bd3 h6 15. O-O O-O-O 16. Be2 Bh3 17. Bg3 Nc3 18. Rfe1 Nxe2+ 19. Rxe2 Be6 20.
Ne5 Nc5 21. Bh4 Rd4 22. Be7 Nd7 23. c5 Bd5 24. f3 Nxe5 25. Rxe5 Bxf3 26. Kf2
Bxg2 27. Rae1 Bc6 28. Ke3 Rd5 29. Rxd5 Bxd5 30. a3 Kd7 31. Bh4 Kc6 32. Be7 Rg2
33. Re2 Rg1 34. Rf2 Re1+ 35. Re2 Ra1 0-1